Tio Archie: (Record no. 3934)

MARC details
000 -LEADER
fixed length control field 00682nam a22001937a 4500
003 - CONTROL NUMBER IDENTIFIER
control field GBCCL
005 - DATE AND TIME OF LATEST TRANSACTION
control field 20241126110507.0
008 - FIXED-LENGTH DATA ELEMENTS--GENERAL INFORMATION
fixed length control field 171218b xxu||||| |||| 00| 0 eng d
040 ## - CATALOGING SOURCE
Transcribing agency gbc
082 ## - DEWEY DECIMAL CLASSIFICATION NUMBER
Classification number 289.9092
Item number CAM
100 ## - MAIN ENTRY--PERSONAL NAME
Personal name Dennie, Steve
9 (RLIN) 7698
245 ## - TITLE STATEMENT
Title Tio Archie:
Remainder of title Archie Cameron and the story of Honduras Conference of the Church of the United Brethren in Christ /
Statement of responsibility, etc. Steve Dennie
260 ## - PUBLICATION, DISTRIBUTION, ETC.
Name of publisher, distributor, etc. Church of the United Brethren in Christ,
Place of publication, distribution, etc. Huntington:
Date of publication, distribution, etc. 2001
300 ## - PHYSICAL DESCRIPTION
Extent 256 p.;
Other physical details ill.,
Dimensions 23 cm.
650 ## - SUBJECT ADDED ENTRY--TOPICAL TERM
Topical term or geographic name entry element Cameron, Archie
Chronological subdivision 1917 -
9 (RLIN) 10489
650 ## - SUBJECT ADDED ENTRY--TOPICAL TERM
Topical term or geographic name entry element Church of the United Brethren in Christ
Form subdivision Missions
Geographic subdivision Honduras
9 (RLIN) 10490
650 ## - SUBJECT ADDED ENTRY--TOPICAL TERM
Topical term or geographic name entry element Missions
9 (RLIN) 885
942 ## - ADDED ENTRY ELEMENTS (KOHA)
Source of classification or shelving scheme Dewey Decimal Classification
Koha item type Books
Holdings
Withdrawn status Lost status Source of classification or shelving scheme Damaged status Not for loan Home library Current Library Shelving location Date acquired Total checkouts Full call number Barcode Date last seen Copy number Price effective from Koha item type
    Dewey Decimal Classification     GRACE BIBLE COLLEGE GRACE BIBLE COLLEGE Church History 2017-12-18   289.9092 CAM 009072 2025-05-01 c.1 2017-12-18 Books
© Grace Bible College Library 2025